Stores Quiz - Statistics

General Stats
  • This quiz has been taken 5 times
  • The average score is 11 of 16
Answer Stats
Picture Answer % Correct
Barnes & Noble
100%
Five Below
100%
Target
100%
Walmart
100%
Aldi
80%
Dollar General
80%
Dollar Tree
80%
Goodwill
80%
The Home Depot
80%
Bass Pro Shops
60%
CVS Pharmacy
60%
Safeway
60%
Albertsons
40%
Staples
40%
Burlington
20%
Save Mart
20%
No matching quizzes found
Score Distribution
Percent of People with Each Score
Percentile by Number Answered
Your Score History
You have not taken this quiz